MARC

LEADER 00000nam0a2200000 4500
001 287498
005 20231102000008.0
035 |a (RuTPU)RU\TPU\book\311900 
090 |a 287498 
100 |a 20150317d1985 k y0rusy50 ca 
101 0 |a rus 
102 |a RU 
105 |a a z 001zy 
200 1 |a Проблема объяснения в современной биологии  |f Б. А. Навроцкий 
210 |a Москва  |c Высшая школа  |d 1985 
215 |a 120 с.  |c ил. 
320 |a Библиогр.: с. 115-119 
606 1 |a Биология  |x Философские проблемы  |2 stltpush  |3 (RuTPU)RU\TPU\subj\28714  |9 52217 
610 1 |a научные объяснения 
610 1 |a функциональные объяснения 
610 1 |a исторические объяснения 
610 1 |a эволюция 
610 1 |a теория 
610 1 |a биологическая классификация 
610 1 |a противоречия 
610 1 |a эволюционная теория 
610 1 |a структура 
675 |a 57:1  |v 4 
700 1 |a Навроцкий  |b Б. А.  |g Борис Александрович 
801 1 |a RU  |b 63413507  |c 20150317 
801 2 |a RU  |b 63413507  |c 20180323  |g RCR 
942 |c BK